Oportunidades y obstáculos para la adaptación urbana frente al cambio climático en América Latina : casos de la Ciudad de México, Lima y Santiago de Chile

El presente artículo analiza las oportunidades y los obstáculos para la adaptación urbana al cambio climático. Se ofrece un marco analítico basado en dos grupos de variables. Primeramente, tomando en cuenta las acciones que dependen de la información, de los recursos disponibles y de los incentivos...

Full description

Bibliographic Details
Main Author: Schaller, Sven
Other Authors: Jean-Baptiste, Nathalie, Lehmann, Paul
Format: Analitica de revista
Language:Spanish
Published: Santiago, Chile : Eure, 2016.
Subjects:
Online Access:Acceso electrónico al documento

MARC

LEADER 00000cab a2200000 a 4500
001 024253
003 UAHC_CL
005 20210319175607.0
008 110603s2016 cl || || 000 s|spa
952 |0 0  |1 0  |2 ddc  |4 0  |6 RECURSO_ELECTRONICO  |7 0  |8 COMP  |9 94494  |a BC  |b BC  |c Digital  |d 2021-03-19  |l 0  |o RECURSO ELECTRONICO  |r 2021-03-19 00:00:00  |w 2021-03-19  |y REVA  |A 213  |B ANT 
999 |c 54063  |d 54063 
040 |a UAHC_CL  |c UAHC_CL  |d UAHC_CL 
100 |a Schaller, Sven  |9 13486 
245 |a Oportunidades y obstáculos para la adaptación urbana frente al cambio climático en América Latina :  |b  casos de la Ciudad de México, Lima y Santiago de Chile  |c Sven Schaller, Nathalie Jean-Baptiste, Paul Lehmann.  
260 |a Santiago, Chile :  |b Eure,  |c 2016. 
300 |a p.257-278 
500 |a En: Eure, vol.42 no.127, 2016. pp 257-278. ISSN 0250-7161 
520 |a El presente artículo analiza las oportunidades y los obstáculos para la adaptación urbana al cambio climático. Se ofrece un marco analítico basado en dos grupos de variables. Primeramente, tomando en cuenta las acciones que dependen de la información, de los recursos disponibles y de los incentivos por parte de los planificadores. En segundo lugar, se considera variables vinculadas con factores secundarios, tales como las características específicas de las personas con poder de decisión, el marco institucional, y el ambiente natural y socioeconómico correspondiente. El marco analítico se aplica para examinar los casos de la Ciudad de México, Lima y Santiago de Chile. Los resultados indican que existen obstáculos similares en las tres ciudades y que el contexto institucional desempeña un papel importante frente a los retos asociados a la integración de la adaptación, la participación y la acción del gobierno en múltiples niveles. 
650 0 |9 9184  |a Desarrollo urbano  
650 0 |9 12229  |a Crecimiento urbano 
700 |9 13487  |a Jean-Baptiste, Nathalie  
700 |9 13488  |a Lehmann, Paul 
856 |y Acceso electrónico al documento  |u https://www.redalyc.org/pdf/159/15903903.pdf 
942 |c REVA  |2 ddc